Statistiken für Städte mit "S"

Klicken Sie hier um das Quiz zu spielen!

Allgemein

  • Dieses Quiz wurde 33 mal gespielt
  • Das Durchschnittsergebnis liegt bei 25 aus 64

Antwortstatistiken

LandStadt% Korrekt
Deutschland 🇩🇪Stuttgart
97%
San MarinoSan Marino - Stadt
93%
Schweden 🇸🇪Stockholm
93%
Österreich 🇦🇹Salzburg
86%
Singapur 🇸🇬Singapur
86%
Südkorea 🇰🇷Seoul
83%
Deutschland 🇩🇪Saarbrücken
79%
El SalvadorSan Salvador
76%
Bulgarien 🇧🇬Sofia
76%
Australien 🌏Sydney
76%
Bosnien-Herzegowina 🇧🇦Sarajevo
72%
Chile 🇨🇱Santiago de Chile
69%
Sao Tome & PrincipeSao Tome
66%
Costa RicaSan Jose
62%
Deutschland 🇩🇪Schwerin
62%
Spanien 🇪🇸Sevilla
62%
China 🇨🇳Shanghai
62%
Brasilien 🇧🇷Sao Paulo
59%
Deutschland 🇩🇪Solingen
59%
Bolivien 🇧🇴Sucre
59%
Russland 🇷🇺Sankt Petersburg
55%
Nordmazedonien 🇲🇰Skopje
55%
Jemen 🇾🇪Sanaa
52%
Domin. Republik 🇩🇴Santo Domingo
52%
Deutschland 🇩🇪Siegen
52%
Kroatien 🇭🇷Split
52%
Fidschi 🇫🇯Suva
45%
Spanien 🇪🇸Saragossa
41%
USA 🇺🇸Seattle
41%
Schweiz 🇨🇭St. Gallen
38%
Frankreich 🇫🇷 / Rumänien 🇷🇴
Deutschland 🇩🇪
Straßburg
34%
Polen 🇵🇱 / USA 🇺🇸Stettin
31%
Grenada 🇬🇩St. Georges
31%
Deutschland 🇩🇪Salzgitter
28%
USA 🇺🇸San Diego
28%
Deutschland 🇩🇪Schweinfurt
28%
Kiribati 🇰🇮South Tarawa
28%
Wales 🏴󠁧󠁢󠁷󠁬󠁳󠁿Swansea
28%
Deutschland 🇩🇪Saarlouis
24%
Russland 🇷🇺Samara
24%
Schweiz 🇨🇭Sion
24%
Sri LankaSri Jayewardenepura Kotte
24%
Antigua & Barbuda 🇦🇬St. Johns
24%
Großbritannien 🇬🇧Sheffield
21%
China 🇨🇳Shenzhen
17%
Deutschland 🇩🇪Stralsund
17%
Usbekistan 🇺🇿Samarkand
14%
Schweiz 🇨🇭Solothurn
14%
Deutschland 🇩🇪Speyer
14%
Ungarn 🇭🇺Steinamanger
14%
Spanien 🇪🇸Santiago de Compostela
10%
Japan 🇯🇵Sendai
7%
China 🇨🇳Shenyang
7%
SizilienSyrakus
7%
Schweiz 🇨🇭Schaffhausen
3%
Ungarn 🇭🇺Sopron
3%
Indien 🇮🇳Surat
3%
China 🇨🇳Suzhou
3%
Frankreich 🇫🇷Saverne
0%
Kroatien 🇭🇷Senj
0%
China 🇨🇳Sinkiang
0%
Russland 🇷🇺Sowetsk
0%
Ungarn 🇭🇺Stuhlweißenburg
0%
Polen 🇵🇱Swinoujscie
0%

Verteilung der Resultate

Perzentil nach korrekt beantworteten Fragen

Anzahl Personen mit jedem Resultat

Ihre Resultats-Entwicklung

Sie haben dieses Quiz noch nicht gespielt